Score 0/100 Timer 10:00
0 Plays Today
Rank Surname % Correct
2Johnson
89.4%
18Jackson
63%
3Williams
58.9%
80James
46.9%
5Jones
46.8%
44Roberts
42.6%
122Stevens
42.1%
14Thomas
40.9%
12Anderson
39.2%
190Peters
39.2%
181Stephens
38.7%
19Thompson
38.3%
63Peterson
38.1%
215Richards
37.8%
10Wilson
37.7%
39Adams
36.9%
159Robertson
35.9%
7Davis
35.6%
128Harrison
34.1%
74Richardson
33.4%
24Harris
32.5%
206Andrews
28.8%
227George
28.2%
217Matthews
27.6%
53Edwards
25.9%
17Martin
25.2%
180Daniels
23.7%
47Phillips
21.3%
26Lewis
21%
142Henry
19.3%
27Robinson
18.8%
32Allen
17.4%
225Carlson
17.2%
40Nelson
14.7%
Rank Surname % Correct
48Evans
14.4%
233Jacobs
14.4%
61Rogers
14%
9Rodriguez
13.5%
127McDonald
13.1%
174Nichols
13%
56Morris
12.8%
219Lawrence
12.7%
70Howard
12.3%
11Martinez
11.9%
111Alexander
11.8%
43Mitchell
11.6%
8Garcia
11%
76Watson
10.9%
101Henderson
10.7%
231Morrison
10.4%
21Lopez
10.3%
15Hernandez
10.2%
177Ryan
10.2%
145Simpson
9.9%
104Patterson
9.8%
234O'Brien
9.6%
23Gonzalez
9.2%
126Owens
9.1%
216Willis
8.8%
224Larson
8.6%
52Collins
8.5%
136Olson
8.4%
83Hughes
7.7%
156Dixon
7.7%
33Sanchez
7.5%
178Fernandez
7.4%
121Ellis
6.9%
68Gomez
6.8%
Rank Surname % Correct
29Perez
6.8%
42Ramirez
6.7%
120Bryant
6.5%
193Hansen
6.4%
58Murphy
6.2%
187Arnold
5.9%
235Lawson
5.5%
106Reynolds
4.6%
103Simmons
4.5%
95Jenkins
4.5%
110Gonzales
4.4%
173Ferguson
4.3%
78Bennett
4.3%
119Gibson
4%
96Gutierrez
3.9%
197Elliott
3.9%
92Sullivan
3.8%
94Ortiz
3.7%
241Austin
3.7%
132Alvarez
3.7%
86Price
3.6%
147Jimenez
3.2%
90Morales
2.9%
169Rice
2.9%
143Vasquez
2.8%
203Duncan
2.8%
91Powell
2.7%
222Watkins
2.4%
155Hicks
2.1%
201Carroll
2%
232Munoz
1.9%
212Perkins
1.8%

You're not logged in!

Compare scores with friends on all Sporcle quizzes.
OR
Log In

Sporcle TV

Today on Sporcle TV


Watch our educational content, quiz creation guides, and fun videos on Sporcle TV.

Show Comments

Extras

Top Quizzes Today


Score Distribution

Paid Content

Your Account Isn't Verified!

In order to create a playlist on Sporcle, you need to verify the email address you used during registration. Go to your Sporcle Settings to finish the process.

Report this User

Report this user for behavior that violates our Community Guidelines.

Details: